02031nam a2200361 a 4500001001200000003000800012006001900020007001500039008004100054010001700095020003600112020003500148040002100183035002100204050002400225082003100249100003000280245015200310260006000462300002600522490004600548504006400594505042200658533015201080650005401232650005501286650005401341650005501395655002901450710001701479830004701496856012601543ebr10280013CaPaEBRm u cr cn|||||||||070323s2007 wiuab sb s001 0 eng c z 2007011736 z0299223302 (cloth : alk. paper) z0299223345 (pbk. : alk. paper) aCaPaEBRcCaPaEBR a(OCoLC)64680146114aE184.I6bC34 2007eb04a305.891/620086912090342221 aCampbell, Malcolm,d1963-10aIreland's New Worldsh[electronic resource] :bimmigrants, politics, and society in the United States and Australia, 1815-1922 /cMalcolm Campbell. aMadison, Wis. :bUniversity of Wisconsin Press,cc2007. a249 p. :bill., maps.1 aHistory of Ireland and the Irish diaspora aIncludes bibliographical references (p. 219-241) and index.0 aContrasting fortunes : Irish lives from 1815 to the famine -- Crisis and despair : the famine and its aftermath -- Irish rural life : Minnesota and New South Wales compared -- The Pacific Irish : California and Eastern Australia -- New Worlds converge : immigrants, nationalisms and sectarian cultures -- Call of the new : Irish worlds in the late-nineteenth century -- Casting off ties : 1914 to the Irish civil war. aElectronic reproduction.bPalo Alto, Calif. :cebrary,d2013.nAvailable via World Wide Web.nAccess may be limited to ebrary affiliated libraries. 0aIrish AmericansxSocial conditionsy19th century. 0aIrishzAustraliaxSocial conditionsy19th century. 0aIrish AmericansxSocial conditionsy20th century. 0aIrishzAustraliaxSocial conditionsy20th century. 7aElectronic books.2local2 aebrary, Inc. 0aHistory of Ireland and the Irish diaspora.40uhttp://site.ebrary.com/lib/rucke/Doc?id=10280013zAn electronic book accessible through the World Wide Web; click to view